000 00643nai a2200181Ia 4500
003 IN-BaIIA
008 211028c9999 xx s 000 0 eng d
022 _a0138-4821 (Print)
022 _a2191-0383 (Online)
040 _cIIA Library
245 0 _aBeiträge zur Algebra und Geometrie / Contributions to Algebra and Geometry
_h[eJournal]
260 _aHeidelber, Germany
_bSpringer Berlin Heidelberg
310 _aQuarterly
362 _a52(1); 2011 - Present
521 _bSubscribed through National Knowledge Resource Consortium (NKRC)
856 _uhttps://www.springer.com/journal/13366
_yClick Here to Access eJournal
942 _cEJ
999 _c34085
_d34085